000 00824cab a2200253 4500
001 WB3128-41
008 090401t1995 xxu||||| |||| 00| 0 eng d
035 _a(Sirsi) u35635
041 _aeng
245 _aTied in rural knots
260 _c1995
350 _a0
490 _aFinancial Times
_v15 July 1995, WV11(1)
520 _aThe DoE has commissioned two firms of consultants to examine the question of the exploitation of restrictions on agricultural-tied occupancy where the occupants are not engaged in agricultural activities.
650 _aAGRICULTURAL OCCUPANCY
650 _aAGRICULTURALLY-TIED
650 _aOCCUPANCY CONDITIONS
650 _aPLANNING CONTROL
650 _aPLANNING LOOPHOLES
650 _aRESEARCH
690 _aPLANNING LAW AND PRACTICE
942 _n0
948 _c04/03/1997
999 _c23313
_d23313